000 00202 a2200085 4500
020 _a ‎ 9780262580021
100 _a Ebenezer Howard
245 _aGarden Cities of To-Morrow
260 _bThe MIT Press
_c1965
999 _c13530
_d13530